000 00412nam a2200169Ia 4500
001 8350
003 IN-NITTTR
005 20251114233037.0
008 251113s9999||||xx |||||||||||||| ||eng||
040 _beng
040 _cIN-NITTTR
041 _aeng
082 _a372.41 S29D
100 _aStauffer, Russell G.
245 0 _aDirecting the reading thinking process. /
_cStauffer, Russell G.
942 _2ddc
_cBK
999 _c10988
_d10988